Score 0/20 Timer 05:00
7 Plays Today
TWO WORDS ONE WORD (begins with R) % Correct
Great. Barrier.Reef
97.6%
Colosseum. Home.Rome
94.4%
Red. Birthstone.Ruby
94.2%
Kidnapper's. Demand.Ransom
93.7%
Igneous. Sedimentary.Rock
91.6%
Snake. Noisemaker.Rattler
90%
Island. State.Rhode
89.6%
Bohemian. Queen.Rhapsody
87.8%
Kanga's. Kid.Roo
84.9%
Barney. Betty.Rubble
79.9%
TWO WORDS ONE WORD (begins with R) % Correct
Sporcle. Category.Religion
61.2%
Pixar. Movie.Ratatouille
59.9%
Matilda. Creator.Roald
59.8%
Bandleader. Ricardo.Ricky
56.7%
Monopoly. Railroad.Reading
56.6%
Iconic. Riveter.Rosie
54.6%
Creep. Band.Radiohead
50.3%
Blue. Cheese.Roquefort
46.7%
Kinks. Davies.Ray
35.2%
Muppets. Rat.Rizzo
26.7%
Remove Ads.
Support Sporcle.
Get the best of Sporcle when you Go Orange. This ad-free experience offers more features, more stats, and more fun while also helping to support Sporcle. Thank you for becoming a member.

You're not logged in!

Compare scores with friends on all Sporcle quizzes.
OR
Log In

Show Comments

Extras

Top Quizzes Today


Score Distribution

Your Account Isn't Verified!

In order to create a playlist on Sporcle, you need to verify the email address you used during registration. Go to your Sporcle Settings to finish the process.

Report this User

Report this user for behavior that violates our Community Guidelines.

Details: